Rekonfigurovateľné výrobné systémy - technológie rekonfigurability

Rekonfigurovateľné výrobné systémy predstavujú nový vývojový smer pokrokových výrobných systémov podnikov, ktoré si chcú zaistiť svoju dlhodobú konkurencieschopnosť.

Salvato in:
Dettagli Bibliografici
Autore principale: Gregor, Milan
Altri autori: Haluška, Michal
Natura: Capitolo di libro
Lingua:slovacco
Soggetti:
Tags: Aggiungi Tag
Nessun Tag, puoi essere il primo ad aggiungerne!!

MARC

LEADER 00000naa a2200000 4500
001 0170079
005 20231208113704.9
041 0 |a slo 
044 |a SK 
245 1 0 |a Rekonfigurovateľné výrobné systémy - technológie rekonfigurability  |c Milan Gregor, Michal Haluška 
520 |a Rekonfigurovateľné výrobné systémy predstavujú nový vývojový smer pokrokových výrobných systémov podnikov, ktoré si chcú zaistiť svoju dlhodobú konkurencieschopnosť. 
610 2 0 |a systémy výrobné 
610 2 0 |a štruktúra výroby 
610 2 0 |a organizácia výroby 
610 2 0 |a technológie nové 
610 2 0 |a inovácia 
610 2 0 |a konkurencieschopnosť 
100 1 |a Gregor, Milan 
700 1 |a Haluška, Michal